[Event "Wch U16"]
[Site "Khanty-Mansiysk"]
[Date "2016.10.03"]
[Round "11"]
[White "Chumak, Dmitry"]
[Black "Marais, Daniel Petrus"]
[Result "1-0"]
[WhiteElo "1791"]
[BlackElo "1850"]
[PlyCount "33"]
[EventDate "2016.09.22"]
[EventType "swiss"]
[EventRounds "11"]
[EventCountry "RUS"]
[SourceTitle "EXT 2017"]
[Source "ChessBase"]
[SourceDate "2016.10.25"]
[SourceVersion "1"]
[SourceVersionDate "2016.10.25"]
[SourceQuality "1"]

1. e4 e5 2. Nf3 Nc6 3. Bc4 Nf6 4. d3 Be7 5. 0-0 d6 6. h3 0-0 7. c3 Na5 8. Bb3 Nxb3 9. axb3 h6 10. Re1 Nh7 11. d4 Ng5 12. Bxg5 Bxg5 13. dxe5 Bf4 14. exd6 Qf6 15. d7 Bxd7 16. Qxd7 Rfd8 17. Qf5 1-0

[Event "Wch U16"]
[Site "Khanty-Mansiysk"]
[Date "2016.10.02"]
[Round "10"]
[White "Anaskin, Arsenij"]
[Black "Chumak, Dmitry"]
[Result "1-0"]
[WhiteElo "2153"]
[BlackElo "1791"]
[PlyCount "65"]
[EventDate "2016.09.22"]
[EventType "swiss"]
[EventRounds "11"]
[EventCountry "RUS"]
[SourceTitle "EXT 2017"]
[Source "ChessBase"]
[SourceDate "2016.10.25"]
[SourceVersion "1"]
[SourceVersionDate "2016.10.25"]
[SourceQuality "1"]

1. e4 e5 2. Nf3 Nc6 3. Bc4 Bc5 4. 0-0 Nf6 5. d3 h6 6. c3 d6 7. h3 0-0 8. Nbd2 Be6 9. Re1 a6 10. b4 Ba7 11. a4 Qd7 12. Nf1 b5 13. Bxe6 fxe6 14. Be3 Bxe3 15. Nxe3 Kh8 16. Re2 d5 17. exd5 exd5 18. Rea2 d4 19. axb5 Nxb4 20. cxb4 dxe3 21. Nxe5 Qf5 22. f4 Kh7 23. Qf3 Nh5 24. Qxe3 Nxf4 25. bxa6 Qg5 26. Kh2 Rfe8 27. Qe4+ g6 28. d4 Ne6 29. Ra5 h5 30. Rf1 Rf8 31. Nf7 Qe7 32. Rxh5+ Kg7 33. Qe5+ 1-0

[Event "Wch U16"]
[Site "Khanty-Mansiysk"]
[Date "2016.09.29"]
[Round "7"]
[White "Chumak, Dmitry"]
[Black "Lintner, Igor"]
[Result "0-1"]
[WhiteElo "1791"]
[BlackElo "2065"]
[PlyCount "50"]
[EventDate "2016.09.22"]
[EventType "swiss"]
[EventRounds "11"]
[EventCountry "RUS"]
[SourceTitle "EXT 2017"]
[Source "ChessBase"]
[SourceDate "2016.10.25"]
[SourceVersion "1"]
[SourceVersionDate "2016.10.25"]
[SourceQuality "1"]

1. e4 e6 2. d4 d5 3. exd5 exd5 4. Nf3 Nc6 5. Be2 Bd6 6. 0-0 Nge7 7. Bg5 f6 8. Bh4 Be6 9. Re1 Qd7 10. Bb5 0-0-0 11. Kh1 h5 12. Nbd2 Rdg8 13. c4 Bb4 14. h3 Bxh3 15. Ng1 Bxg2+ 16. Kxg2 g5 17. Bg3 h4 18. Qc2 hxg3 19. fxg3 f5 20. Re2 f4 21. Rae1 Nf5 22. Bxc6 bxc6 23. Qa4 Qh7 24. Ndf3 Qh1+ 25. Kf2 Rh2+ 0-1

[Event "Wch U16"]
[Site "Khanty-Mansiysk"]
[Date "2016.09.23"]
[Round "2"]
[White "D'Avino, Gianfranco"]
[Black "Chumak, Dmitry"]
[Result "1-0"]
[WhiteElo "2085"]
[BlackElo "1791"]
[PlyCount "67"]
[EventDate "2016.09.22"]
[EventType "swiss"]
[EventRounds "11"]
[EventCountry "RUS"]
[SourceTitle "EXT 2017"]
[Source "ChessBase"]
[SourceDate "2016.10.25"]
[SourceVersion "1"]
[SourceVersionDate "2016.10.25"]
[SourceQuality "1"]

1. e4 e5 2. Nf3 Nc6 3. d4 exd4 4. Nxd4 Nf6 5. Nxc6 bxc6 6. Qe2 Be7 7. e5 Nd5 8. c4 Ba6 9. Qg4 Nb4 10. Qxg7 Rf8 11. Qxh7 Bc5 12. a3 Qe7 13. f4 0-0-0 14. axb4 Bxb4+ 15. Bd2 Bb7 16. Qc2 f6 17. Bxb4 Qxb4+ 18. Nc3 fxe5 19. fxe5 Rde8 20. 0-0-0 Rxe5 21. Bd3 d5 22. cxd5 cxd5 23. Nb5 c6 24. Rhf1 Rfe8 25. Qc3 Qe7 26. Rf7 Qg5+ 27. Kb1 R8e7 28. Nd6+ Kc7 29. Rxe7+ Qxe7 30. Nxb7 Kxb7 31. Rc1 Qd6 32. Qc5 Qf6 33. Rf1 Qe6 34. Qb4+ 1-0

[Event "Wch U16"]
[Site "Khanty-Mansiysk"]
[Date "2016.09.22"]
[Round "1"]
[White "Chumak, Dmitry"]
[Black "Tran, Minh Thang"]
[Result "0-1"]
[WhiteElo "1791"]
[BlackElo "2293"]
[PlyCount "68"]
[EventDate "2016.09.22"]
[EventType "swiss"]
[EventRounds "11"]
[EventCountry "RUS"]
[SourceTitle "EXT 2017"]
[Source "ChessBase"]
[SourceDate "2016.10.25"]
[SourceVersion "1"]
[SourceVersionDate "2016.10.25"]
[SourceQuality "1"]

1. e4 c5 2. Nf3 e6 3. d4 cxd4 4. Nxd4 Nc6 5. Nc3 Qc7 6. Be3 d6 7. Qf3 Nf6 8. a3 Ne5 9. Qg3 h5 10. f3 b5 11. Be2 a6 12. 0-0 Bd7 13. Kh1 Nc4 14. Bxc4 bxc4 15. f4 Rb8 16. Rad1 h4 17. Qf3 Bc8 18. f5 e5 19. Nde2 Bb7 20. Nd5 Nxd5 21. exd5 h3 22. g3 Qa5 23. Nc3 Be7 24. Rde1 Ba8 25. Qg4 Rxb2 26. Qxg7 Rh5 27. f6 Bf8 28. Qg4 Bb7 29. Qxh5 Qxc3 30. Bf2 Rxc2 31. Qxh3 Qf3+ 32. Kg1 Rxf2 33. Rb1 Rxf1+ 34. Qxf1 Qxd5 0-1

[Event "Nezhmetdinov Memorial 38th"]
[Site "Kazan"]
[Date "2016.06.06"]
[Round "7"]
[White "Chumak, Dmitry"]
[Black "Mirzaeva, Gulnara"]
[Result "0-1"]
[WhiteElo "1826"]
[BlackElo "1973"]
[PlyCount "84"]
[EventDate "2016.05.31"]
[EventType "swiss"]
[EventRounds "9"]
[EventCountry "RUS"]
[SourceTitle "CBM 172 Extra"]
[Source "ChessBase"]
[SourceDate "2016.06.21"]
[SourceVersion "1"]
[SourceVersionDate "2016.06.21"]
[SourceQuality "1"]

1. e4 c5 2. Nf3 Nc6 3. d4 cxd4 4. Nxd4 g6 5. Nc3 Bg7 6. Be3 Nf6 7. f3 0-0 8. Qd2 d5 9. exd5 Nxd5 10. Nxd5 Qxd5 11. Nxc6 Qxc6 12. c3 Bf5 13. Be2 Rfd8 14. Qc1 h5 15. 0-0 h4 16. Qe1 h3 17. g3 Qe6 18. Qf2 a6 19. Rfe1 Qc6 20. Rad1 b5 21. a3 a5 22. g4 Be6 23. Qh4 Rxd1 24. Rxd1 Bc4 25. Kf2 b4 26. Bxc4 Qxc4 27. axb4 Bf6 28. Bg5 Bxg5 29. Qxg5 axb4 30. Qxe7 bxc3 31. Rd8+ Rxd8 32. Qxd8+ Kg7 33. bxc3 Qa2+ 34. Ke3 Qxh2 35. Qd4+ Kh7 36. Qf6 Qg1+ 37. Ke2 Kg8 38. g5 h2 39. Qd8+ Kh7 40. Qd7 Qg2+ 41. Ke3 Qxg5+ 42. Ke2 Qe5+ 0-1

[Event "Urals-ch 74th"]
[Site "Khanty-Mansiysk"]
[Date "2016.03.23"]
[Round "1"]
[White "Chumak, Dmitry"]
[Black "Drygalov, Andrey"]
[Result "0-1"]
[WhiteElo "1775"]
[BlackElo "2317"]
[PlyCount "92"]
[EventDate "2016.03.23"]
[EventType "swiss"]
[EventRounds "9"]
[EventCountry "RUS"]
[SourceTitle "CBM 171 Extra"]
[Source "ChessBase"]
[SourceDate "2016.04.26"]
[SourceVersion "1"]
[SourceVersionDate "2016.04.26"]
[SourceQuality "1"]

1. e4 c5 2. Nf3 e6 3. d4 cxd4 4. Nxd4 a6 5. Nc3 Qc7 6. Be2 b5 7. a3 Bb7 8. 0-0 Nf6 9. Bf3 d6 10. Bg5 Nbd7 11. Re1 Be7 12. Bxf6 Nxf6 13. Qd3 0-0 14. e5 dxe5 15. Bxb7 Qxb7 16. Rxe5 Rfd8 17. Qf3 Qxf3 18. Nxf3 Rac8 19. Re2 h6 20. h3 Nd7 21. Rd1 Nb6 22. Rxd8+ Bxd8 23. Ne4 Nc4 24. c3 Be7 25. Rc2 f6 26. Ned2 Nb6 27. Nb3 e5 28. Nfd2 Kf7 29. f3 Ke6 30. g4 g6 31. Kg2 Nd5 32. Nf1 f5 33. Kf2 Nf4 34. Kg3 Bd6 35. Ne3 Nd3 36. Kh2 e4+ 37. Kg1 f4 38. Nd1 e3 39. Kf1 Ne5 40. Nd4+ Kf6 41. h4 Bc5 42. Ne2 g5 43. hxg5+ hxg5 44. Kg2 Rd8 45. b4 Rxd1 46. bxc5 Rd2 0-1

[Event "Wch U20 54th"]
[Site "Khanty-Mansiysk"]
[Date "2015.09.07"]
[Round "6"]
[White "Isaev, Chyngyz"]
[Black "Chumak, Dmitry"]
[Result "1-0"]
[WhiteElo "2163"]
[BlackElo "1808"]
[PlyCount "65"]
[EventDate "2015.09.02"]
[EventType "swiss"]
[EventRounds "13"]
[EventCountry "RUS"]
[SourceTitle "EXT 2016"]
[Source "ChessBase"]
[SourceDate "2015.10.08"]
[SourceVersion "1"]
[SourceVersionDate "2015.10.08"]
[SourceQuality "1"]

1. d4 Nf6 2. c4 c5 3. d5 b5 4. Qc2 bxc4 5. e4 d6 6. Bxc4 g6 7. Nf3 Bg7 8. 0-0 0-0 9. Re1 Bg4 10. Nfd2 Qb6 11. Nc3 Bc8 12. b3 Ba6 13. Bb2 Nbd7 14. h3 Ne5 15. Na4 Qb7 16. Bxe5 Bxc4 17. bxc4 dxe5 18. Nxc5 Qc7 19. Nd3 Nd7 20. c5 Rac8 21. Nb3 f5 22. f3 fxe4 23. fxe4 a5 24. a4 Rf6 25. Qd2 Ra6 26. Kh1 Nf6 27. c6 Rb6 28. Ndc5 Qd6 29. Nb7 Qb4 30. Qxb4 Rxb4 31. N3c5 Bh6 32. Rab1 Rc4 33. Nd7 1-0

[Event "Wch U20 54th"]
[Site "Khanty-Mansiysk"]
[Date "2015.09.06"]
[Round "5"]
[White "Chumak, Dmitry"]
[Black "Megalios, Konstantinos"]
[Result "0-1"]
[WhiteElo "1808"]
[BlackElo "2242"]
[PlyCount "98"]
[EventDate "2015.09.02"]
[EventType "swiss"]
[EventRounds "13"]
[EventCountry "RUS"]
[SourceTitle "EXT 2016"]
[Source "ChessBase"]
[SourceDate "2015.10.08"]
[SourceVersion "1"]
[SourceVersionDate "2015.10.08"]
[SourceQuality "1"]

1. e4 c6 2. d4 d5 3. Nc3 dxe4 4. Nxe4 Bf5 5. Ng3 Bg6 6. Nf3 Nd7 7. Bd3 e6 8. Bf4 Ngf6 9. Bxg6 hxg6 10. c3 Be7 11. Qb3 Qb6 12. Ne5 Nxe5 13. Bxe5 Qa6 14. Bxf6 gxf6 15. Qc2 f5 16. Qe2 Qxe2+ 17. Nxe2 0-0-0 18. 0-0-0 Rh4 19. g3 Rh3 20. Ng1 Rh5 21. Nf3 Rdh8 22. Rhe1 g5 23. Re2 Bf6 24. Rh1 g4 25. Ne5 Bxe5 26. dxe5 Rxh2 27. Rxh2 Rxh2 28. Rd2 Rh1+ 29. Rd1 Rxd1+ 30. Kxd1 Kd7 31. Ke2 f6 32. exf6 e5 33. b4 b5 34. Kd3 Ke6 35. c4 Kxf6 36. c5 Ke6 37. Ke3 Ke7 38. Kd3 Kd7 39. Ke2 Ke6 40. Ke3 Kd5 41. Kd3 e4+ 42. Ke3 Ke5 43. Kd2 Kd4 44. Ke2 e3 45. fxe3+ Ke4 46. a4 bxa4 47. b5 Kd5 48. b6 axb6 49. cxb6 Kd6 0-1